000
00222nam a2200085Ia 4500
245
0
_a
Metal cans
100
_a
WALKER, Kate South Yarra, Vic., 2009
_9
83037
942
_c
BK
008
210818s9999 xx 000 0 und d
999
_c
446003
_d
446003